000 00783nam a22002897a 4500
003 OSt
005 20251002121120.0
007 ta
008 251002s2025 ag ||||| |||| 00| 0 spa d
020 _a9789505745449
040 _ccj catamarca
082 _a343.2 Z17d
100 1 _9281
_aZaffaroni, Eugenio Raul
245 1 1 _a¿Dolo o culpa?
_bLa cuestion de la culpa temeraria
250 _a1° ed.
260 _aCABA:
_bEdiar,
_c2025
300 _a116 p.
_c21 cm
500 _aINVENTARIO N° 8115
650 7 _2SAIJ
653 _aDERECHO PENAL
653 _aDOLO
653 _aDOLO EVENTUAL
653 _aLEY 27.347
700 1 0 _9282
_aEspina, Nadia S.
856 _uhttps://drive.google.com/file/d/1uqWkYOtjFjvqFg3gC1RrmQKt-LKC9Ctx/view?usp=sharing
942 _2ddc
_cBK
_n0
999 _c6492
_d6492